Normal view
MARC view
- Khokhar, Muhammad Zaman
Entry Personal Name
001 - CONTROL NUMBER
- control field: 17362
003 - CONTROL NUMBER IDENTIFIER
- control field: NUST
005 - DATE AND TIME OF LATEST TRANSACTION
- control field: 20190711052500.0
008 - FIXED-LENGTH DATA ELEMENTS
- fixed length control field: 190711|| aca||aabn | a|a d
040 ## - CATALOGING SOURCE
- Original cataloging agency: NUST
- Transcribing agency: NUST
100 ## - HEADING--PERSONAL NAME
- Personal name: Khokhar, Muhammad Zaman
670 ## - SOURCE DATA FOUND
- Source citation: Work cat.: (NUST): Khokhar, Muhammad Zaman, Gujarat Ki Rohani Shakisyat aur Tabha Shuda Bastian / , 2002.
